| 000 | 00518nam a2200169Ia 4500 | ||
|---|---|---|---|
| 003 | SGT | ||
| 020 | _a1789380026039 | ||
| 082 |
_a621.381 _bNAI |
||
| 100 | _aNair,B. Somanathan | ||
| 245 | _aBasic electronics | ||
| 260 |
_bI.K. International Publishing House Pvt. Ltd. _aNew Delhi _c2009 |
||
| 300 | _a326p. | ||
| 650 | _aENGINEERING AND ALLIED OPERATIONS | ||
| 653 | _aELECTRICAL ENGINEERING, ELECTRON DYNAMICS, BASIC SEMICONDUCTOR THEORY SEMICONDUCTOR RECTIFIER CIRCUITS | ||
| 700 | _aDeep,S.R | ||
| 942 |
_2ddc _cBK |
||
| 999 |
_c4948 _d4948 |
||